000 00697cab a2200253 4500
001 WB3348-18
008 090401t1997 xxu||||| |||| 00| 0 eng d
035 _a(Sirsi) u82551
041 _aeng
245 _aRestoring listed property
260 _c1997
350 _a0
490 _aTimes
_v6 December 1997, 2.53(2)
520 _aConsiders the problems and extra costs involved in buying and restoring a listed property.
650 _aBUILDING CONSERVATION
650 _aBUILDING RESTORATION
650 _aBUILDING SURVEY
650 _aHISTORIC BUILDINGS
650 _aLISTED BUILDINGS
650 _aTHATCHED ROOFS
690 _aCONSERVATION
942 _n0
948 _c09/12/1997
999 _c52124
_d52124